Представление документа в формате MARC21

Поле Инд. ПП Название Значение
Тип записи a
Библиографический уровень m
001 Контрольный номер RU\TPU\book\191419
005 Дата корректировки 20140703185731.8
008 Кодируемые данные 100302s2009 RU a f z 001 1 rus u
020 a ISBN 978-5-9221-1176-8
040 c Служба, преобразующая запись 63413507
d Организация, изменившая запись НБ ТвГУ
041 a Код языка текста rus
044 a Код страны публикации RU
080 a Индекс УДК 519.876
080 a Индекс УДК 681.51.01
084 a Индекс другой классификации/Индекс ББК З817
084 a Индекс другой классификации/Индекс ББК З965.02
090 a Полочн. индекс З817
x Авторский знак П 93
100 1_ a Автор Пшихопов Вячеслав Хасанович
q Полное имя Пшихопов В. Х.
245 00 a Заглавие Оценивание и управление в сложных динамических системах
260 a Место издания Москва
b Издательство ФИЗМАТЛИТ
c Дата издания 2009
300 a Объем 296 с.
b Иллюстрации/ тип воспроизводства ил.
504 a Библиография Библиогр.: с. 282-296 (178 назв.)
520 a Аннотация В данной книге рассматриваются современные методы исследования и синтеза управлений для сложных динамических систем. Приводится обзор методов построения моделей и их анализа, предлагаются подходы для построения систем управления динамическими системами, функционирующими в условиях неопределенности структуры, параметров и внешней среды. Монография предназначена для ученых и аспирантов, работающих в области системного анализа и теории систем управления.
653 a Ключевые слова Алгоритмы оценивания
a Ключевые слова Алгоритмы управления
a Ключевые слова Динамические системы
a Ключевые слова Кибернетика
a Ключевые слова Математические модели
a Ключевые слова Математическое моделирование
a Ключевые слова Методы исследования
a Ключевые слова Модели сложных систем
a Ключевые слова Моделирование сложных систем
a Ключевые слова Оценивание в сложных системах
a Ключевые слова Синтез управлений
a Ключевые слова Системный анализ
a Ключевые слова Сложные динамические системы
a Ключевые слова Теория систем управления
a Ключевые слова Управление сложными системами
700 1_ a Другие авторы Медведев Михаил Юрьевич
q Полное имя Медведев, М. Ю.
901 t Тип документа m
920 a Оператор Стру
952 c Вид литературы К рн
954 a Дата поступления на обработку 20110228